Topic- wise pratice tests Gate mechanical engineering/ (Record no. 165282)

MARC details
000 -LEADER
fixed length control field 00572nam a22001817a 4500
005 - DATE AND TIME OF LATEST TRANSACTION
control field 20190613161951.0
010 ## - LCCN (DPL NO)
LC control number ENG-125567
020 ## - INTERNATIONAL STANDARD BOOK NUMBER
International Standard Book Number 9789353066512
Terms of availability 499.00
035 ## - SYSTEM CONTROL NUMBER
System control number EN-109099
037 ## - SOURCE OF ACQUISITION
Source of stock number/acquisition DBAD/PUB
082 ## - DEWEY DECIMAL CLASSIFICATION NUMBER
Classification number 621
100 ## - MAIN ENTRY--PERSONAL NAME
Personal name Trishna
245 ## - TITLE STATEMENT
Title Topic- wise pratice tests Gate mechanical engineering/
Statement of responsibility, etc by Trishna
260 ## - PUBLICATION, DISTRIBUTION, ETC. (IMPRINT)
Place of publication, distribution, etc Noida
Date of publication, distribution, etc 2019
Name of publisher, distributor, etc Pearson India Education
270 ## - ADDRESS
Address 15th floor, tower- B, World Trade Tower, Plot No.1, Block-C sector-16
City Noida
Postal code 201301
300 ## - PHYSICAL DESCRIPTION
Extent 472p.
Dimensions 25cm(pbk)
942 ## - ADDED ENTRY ELEMENTS (KOHA)
Source of classification or shelving scheme Dewey Decimal Classification
Item type English Books
Classification part 621
Call number suffix TRI
Holdings
Withdrawn status Lost status Not for loan Collection code Home library Current library Date acquired Source of acquisition Cost, normal purchase price Full call number Barcode Copy number Cost, replacement price Koha item type
      Non-fiction Sarojini Nagar Sarojini Nagar 13/06/2019 DBAD/PUB 499.00 621 TRI EN-109099 1 499.00 English Books

© Delhi Public Library
Hit Counter
free hit counter